The apocalyptic literature / (Record no. 119932)
[ view plain ]
| 000 -LEADER | |
|---|---|
| fixed length control field | 01428cam a22002894a 4500 |
| 001 - CONTROL NUMBER | |
| control field | 13138746 |
| 003 - CONTROL NUMBER IDENTIFIER | |
| control field | ARRUPE |
| 005 - DATE AND TIME OF LATEST TRANSACTION | |
| control field | 20140205102217.0 |
| 008 - FIXED-LENGTH DATA ELEMENTS--GENERAL INFORMATION | |
| fixed length control field | 030327s2003 tnu b 001 0 eng |
| 010 ## - LIBRARY OF CONGRESS CONTROL NUMBER | |
| LC control number | 2003007329 |
| 020 ## - INTERNATIONAL STANDARD BOOK NUMBER | |
| International Standard Book Number | 0687051967 (alk. paper) |
| 040 ## - CATALOGING SOURCE | |
| Original cataloging agency | DLC |
| Transcribing agency | DLC |
| Modifying agency | DLC |
| 042 ## - AUTHENTICATION CODE | |
| Authentication code | pcc |
| 050 00 - LIBRARY OF CONGRESS CALL NUMBER | |
| Classification number | BS646 |
| Item number | .C659 2003 |
| 082 00 - DEWEY DECIMAL CLASSIFICATION NUMBER | |
| Classification number | 220/.046 |
| Edition number | 21 |
| 300 ## - PHYSICAL DESCRIPTION | |
| Dimensions | 23 cm. |
| 100 1# - MAIN ENTRY--PERSONAL NAME | |
| Personal name | Cook, Stephen L., |
| Dates associated with a name | 1962- |
| 9 (RLIN) | 7919 |
| 245 14 - TITLE STATEMENT | |
| Title | The apocalyptic literature / |
| Statement of responsibility, etc | Stephen L. Cook. |
| 260 ## - PUBLICATION, DISTRIBUTION, ETC. (IMPRINT) | |
| Place of publication, distribution, etc | Nashville, TN : |
| Name of publisher, distributor, etc | Abingdon Press, |
| Date of publication, distribution, etc | c2003. |
| 300 ## - PHYSICAL DESCRIPTION | |
| Extent | 233 p. ; |
| 440 #0 - SERIES STATEMENT/ADDED ENTRY--TITLE | |
| Title | Interpreting Biblical texts |
| 9 (RLIN) | 7920 |
| 505 0# - FORMATTED CONTENTS NOTE | |
| Formatted contents note | Encountering apocalyptic worlds -- The danger of domesticating the apocalyptic texts -- A new search for the literal sense of apocalyptic texts -- The social worlds behind the apocalyptic literature -- Reading the apocalyptic texts of the Bible -- Early apocalyptic texts among the prophetic books -- Book of Daniel -- Apocalypticism and the Jesus group -- Apocalyptic worlds and the early Christian churches -- The book of Revelation. |
| 650 #0 - SUBJECT ADDED ENTRY--TOPICAL TERM | |
| Topical term or geographic name as entry element | Apocalyptic literature. |
| 9 (RLIN) | 7921 |
| 856 41 - ELECTRONIC LOCATION AND ACCESS | |
| Materials specified | Table of contents |
| Uniform Resource Identifier | <a href="http://www.loc.gov/catdir/toc/ecip042/2003007329.html">http://www.loc.gov/catdir/toc/ecip042/2003007329.html</a> |
| 906 ## - LOCAL DATA ELEMENT F, LDF (RLIN) | |
| a | 7 |
| b | cbc |
| c | orignew |
| d | 1 |
| e | ecip |
| f | 20 |
| g | y-gencatlg |
| 942 ## - ADDED ENTRY ELEMENTS (KOHA) | |
| Source of classification or shelving scheme | Library of Congress Classification |
| Koha item type | Monograph ( Printed materials) |
| Withdrawn status | Lost status | Source of classification or shelving scheme | Damaged status | Not for loan | Collection code | Home library | Current library | Shelving location | Date acquired | Total Checkouts | Full call number | Barcode | Date last seen | Date checked out | Price effective from | Koha item type |
|---|---|---|---|---|---|---|---|---|---|---|---|---|---|---|---|---|
| Library of Congress Classification | Main Collection | ARRUPE LIBRARY | ARRUPE LIBRARY | Main Collection | 05/02/2014 | 2 | BS646 .C659 2003 | 464123470 | 07/12/2016 | 29/01/2016 | 05/02/2014 | Monograph ( Printed materials) |